| 000 | 00574nam a2200193Ia 4500 | ||
|---|---|---|---|
| 003 | GCL | ||
| 008 | 140319s9999 xx 000 0 ara d | ||
| 040 |
_aGCL / _cGCL |
||
| 082 | 0 | 4 |
_a650.8 _bس م |
| 100 | 1 | _aسونيا محمد البكرى | |
| 245 | 1 | 0 |
_aمقدمة فى نظم المعلومات الادارية / _cسونيا محمد البكرى |
| 700 | 1 | _aعلى عبدالهادى مسلم | |
| 300 | _a425 ص | ||
| 490 | _a | ||
| 650 | 0 | 4 | _aادارة الاعمال |
| 650 | 0 | 4 | _aالادارة |
| 650 | 0 | 4 | _aاتخاذ القرارات |
| 942 |
_2ddc _cBK |
||
| 999 |
_c41572 _d41572 |
||